000 01211cam a22002054a 4500
005 20250605164139.0
008 250528s ||||||||||||||||||||||||d
035 _a18892
020 _a435284916
040 _aGR-AtMCL
_bgre
_dGR-AtMCL
_eAACR2
245 1 _aGuided Paragraph Writing / A First Course in English Composition with Structural Practice
260 _bHeinemann Educational Books,
_c1988
300 _a106
520 _aThis is a first course in English composition with structural practice which leads the foreign learner at an early stage of English from structurally correct simple sentences to the planning and writing of a complete paragraph on straightforward personal subjects. Introduction, The Weekly Holiday, Yesterday Evening, Yourself, The Next Public Holiday, Planning of Subject Matter, An Unhappy First Visit, Unexpected Money, An Unwelcome Meeting, An Interesting Place to Visit, Letter Writing, Your Progress in Paragraph Writing, A Dream, Doing Something Wrong, Your Future, A Difficult Decision in the Past, Being Cheated, Revision and Free Paragraph Writing.
700 1 _aJupp T. C
_95170
700 1 _aMilne John
_95155
942 _cBK
999 _c4197
_d4197